Biblioteca

Childhood and society / ErikH. Erikson (Registro nro. 39615)

Detalles MARC
000 -LÍDER
Campo fijo de descripción fija 003950000a22001570004500
020 ## - NÚMERO INTERNACIONAL NORMALIZADO PARA LIBROS
Número Internacional Normalizado del libro 0-393-01075-9
041 0# - CÓDIGO DE IDIOMA
Código de idioma para texto/pista de sonido o título separado
082 04 - NÚMERO DE CLASIFICACIÓN DECIMAL DEWEY
Número de clasificación G 362.7 Eri
001 - NÚMERO DE CONTROL
Campo de control 9761
100 1# - ASIENTO PRINCIPAL--NOMBRE PERSONAL
Nombre personal Erikson, Erik H. (Homburger) (1902-)
245 10 - TÍTULO
Título del Material Childhood and society / ErikH. Erikson
250 ## - MENCIÓN DE EDICIÓN
Mención de edición 2a. ed. revised and enlarged
260 ## - PUBLICACIÓN, DISTRIBUCIÓN, ETC. (PIE DE IMPRENTA)
Lugar de publicación, distribución, etc. New York, NY., USA : W.W. Norton
300 ## - DESCRIPCIÓN FÍSICA
Extensión 445 Pag
942 ## - TIPO DE MATERIAL (KOHA)
Tipo de Item KOHA Libros General

No hay ítems disponibles.

Biblioteca FUSBC | Teléfono: (57+4) 349 88 10 Ext. 141| WhatsApp (+57) 3005338115 
E-mail: biblioteca@unisbc.edu.co | Calle 76 87-14 Robledo Palenque, Medellín, Colombia

Con tecnología Koha